A first course in database systems (Record no. 4794)
[ view plain ]
| 000 -LEADER | |
|---|---|
| fixed length control field | 00708cam a22002774a 4500 |
| 001 - CONTROL NUMBER | |
| control field | |
| 003 - CONTROL NUMBER IDENTIFIER | |
| control field | OSt |
| 005 - DATE AND TIME OF LATEST TRANSACTION | |
| control field | 20220107122804.0 |
| 008 - FIXED-LENGTH DATA ELEMENTS--GENERAL INFORMATION | |
| fixed length control field | 091109s2008 njua b 001 0 eng |
| 010 ## - LIBRARY OF CONGRESS CONTROL NUMBER | |
| LC control number | |
| 020 ## - INTERNATIONAL STANDARD BOOK NUMBER | |
| International Standard Book Number | 9789332535206 |
| 040 ## - CATALOGING SOURCE | |
| Original cataloging agency | |
| Transcribing agency | IIITMK |
| 042 ## - AUTHENTICATION CODE | |
| Authentication code | |
| 050 00 - LIBRARY OF CONGRESS CALL NUMBER | |
| Item number | |
| 082 ## - DEWEY DECIMAL CLASSIFICATION NUMBER | |
| Classification number | 005.74 ULL/F |
| 100 1# - MAIN ENTRY--PERSONAL NAME | |
| Personal name | Ullman, Jeffrey D. |
| Dates associated with a name | |
| 9 (RLIN) | 7401 |
| 245 12 - TITLE STATEMENT | |
| Title | A first course in database systems |
| Statement of responsibility, etc. | Jeffrey D. Ullman and Jennifer Widom. |
| 250 ## - EDITION STATEMENT | |
| Edition statement | 3rd ed. |
| 260 ## - PUBLICATION, DISTRIBUTION, ETC. | |
| Place of publication, distribution, etc. | Noida, |
| Name of publisher, distributor, etc. | Pearson/Prentice Hall, |
| Date of publication, distribution, etc. | 2013. |
| 300 ## - PHYSICAL DESCRIPTION | |
| Extent | 514 p. |
| Other physical details | |
| Dimensions | |
| 504 ## - BIBLIOGRAPHY, ETC. NOTE | |
| Bibliography, etc. note | |
| 650 #0 - SUBJECT ADDED ENTRY--TOPICAL TERM | |
| Topical term or geographic name entry element | DATABASE MANAGEMENT |
| 9 (RLIN) | 7402 |
| 650 #0 - SUBJECT ADDED ENTRY--TOPICAL TERM | |
| Topical term or geographic name entry element | DATABASE SYSTEM |
| 9 (RLIN) | 7403 |
| 700 1# - ADDED ENTRY--PERSONAL NAME | |
| Personal name | Widom, Jennifer. |
| 9 (RLIN) | 7404 |
| 942 ## - ADDED ENTRY ELEMENTS (KOHA) | |
| Source of classification or shelving scheme | Dewey Decimal Classification |
| Koha item type | Books |
| Withdrawn status | Lost status | Source of classification or shelving scheme | Damaged status | Not for loan | Collection code | Home library | Current library | Shelving location | Date acquired | Cost, normal purchase price | Total Checkouts | Total Renewals | Full call number | Barcode | Date last seen | Date last checked out | Price effective from | Koha item type |
|---|---|---|---|---|---|---|---|---|---|---|---|---|---|---|---|---|---|---|
| Dewey Decimal Classification | Non Fiction | Kerala University of Digital Sciences, Innovation and Technology Knowledge Centre | Kerala University of Digital Sciences, Innovation and Technology Knowledge Centre | Computer Science | 06/07/2015 | 507.00 | 5 | 1 | 005.74 ULL/F | 4216 | 03/11/2023 | 19/10/2023 | 06/07/2015 | Books |